[Event "BL2 Ost 2122 (Women)"]
[Site "Germany"]
[Date "2022.02.20"]
[Round "3.1"]
[White "Halas, Julia"]
[Black "Spangenberg, Pia"]
[Result "1-0"]
[WhiteElo "2010"]
[BlackElo "1802"]
[PlyCount "75"]
[EventDate "2021.11.27"]
[EventType "team-tourn"]
[EventRounds "7"]
[EventCountry "GER"]
[SourceTitle "EXT 2023"]
[Source "ChessBase"]
[SourceDate "2022.10.05"]
[SourceVersion "1"]
[SourceVersionDate "2022.10.05"]
[SourceQuality "1"]
[WhiteTeam "Leipzig SG (W)"]
[BlackTeam "Leipzig Lindenau (W)"]
[WhiteTeamCountry "GER"]
[BlackTeamCountry "GER"]

1. d4 d5 2. c4 e6 3. Nc3 Nf6 4. cxd5 Nxd5 5. e4 Nxc3 6. bxc3 c5 7. Nf3 Nc6 8. Be2 cxd4 9. cxd4 Bb4+ 10. Bd2 0-0 11. Bxb4 Nxb4 12. 0-0 b6 13. Qa4 Qd6 14. Rac1 Bd7 15. Qb3 Rac8 16. a3 Rxc1 17. Rxc1 Nc6 18. Qe3 f6 19. Bc4 Na5 20. Ba2 Rc8 21. Rxc8+ Bxc8 22. Qc3 Bb7 23. e5 Qd7 24. exf6 gxf6 25. Nd2 Kf7 26. f3 Ke7 27. Qd3 f5 28. Qe3 Nc6 29. d5 Nd8 30. Qg5+ Kd6 31. dxe6 Nxe6 32. Qxf5 Bc8 33. Ne4+ Kc7 34. Bxe6 Qxe6 35. Qxh7+ Kb8 36. Qh8 b5 37. Qd4 Qc6 38. Qc5 1-0

[Event "BL2 Ost 1920 (Women)"]
[Site "Germany"]
[Date "2020.02.02"]
[Round "5.1"]
[White "Lorenz, Nicole"]
[Black "Halas, Julia"]
[Result "0-1"]
[WhiteElo "1930"]
[BlackElo "2078"]
[PlyCount "106"]
[EventDate "2019.09.14"]
[EventType "team-tourn"]
[EventRounds "7"]
[EventCountry "GER"]
[SourceTitle "EXT 2021"]
[Source "ChessBase"]
[SourceDate "2020.10.23"]
[SourceVersion "1"]
[SourceVersionDate "2020.10.23"]
[SourceQuality "1"]
[WhiteTeam "Leipzig Lindenau (W)"]
[BlackTeam "Leipzig SG (W)"]
[WhiteTeamCountry "GER"]
[BlackTeamCountry "GER"]

1. e4 e6 2. d4 d5 3. Nc3 Nf6 4. Bg5 Be7 5. e5 Nfd7 6. h4 Nc6 7. Nf3 f6 8. exf6 Nxf6 9. Bd3 Nb4 10. Bb5+ c6 11. Ba4 0-0 12. Ne2 a5 13. c3 b5 14. Bc2 Nxc2+ 15. Qxc2 c5 16. h5 Ne4 17. Bxe7 Qxe7 18. Ng3 Nxg3 19. fxg3 b4 20. 0-0 Ba6 21. Rfe1 Rae8 22. Re5 cxd4 23. cxd4 Rc8 24. Qd2 Rc6 25. Rae1 Qf6 26. Qe3 Bc8 27. Ng5 Rc4 28. Qd3 Qf2+ 29. Kh2 Qc2 30. Qxc2 Rxc2 31. Nxe6 Bxe6 32. Rxe6 Rxb2 33. R1e2 Rxe2 34. Rxe2 Kf7 35. Rc2 a4 36. Rc7+ Kg8 37. Rb7 Rf2 38. Rxb4 Rxa2 39. Rb8+ Kf7 40. Rb7+ Kf6 41. h6 gxh6 42. Rxh7 Rd2 43. Rxh6+ Kg5 44. Ra6 Rxd4 45. Ra5 Kg4 46. Ra8 Rc4 47. Rd8 d4 48. Rg8+ Kf5 49. g4+ Kf6 50. g5+ Kf7 51. Ra8 d3 52. Rd8 Rc3 53. Kg1 a3 0-1

[Event "BL2 Ost 1920 (Women)"]
[Site "Germany"]
[Date "2019.12.15"]
[Round "4.1"]
[White "Arnhold, Steffi"]
[Black "Halas, Julia"]
[Result "1-0"]
[WhiteElo "2048"]
[BlackElo "2078"]
[PlyCount "109"]
[EventDate "2019.09.14"]
[EventType "team-tourn"]
[EventRounds "7"]
[EventCountry "GER"]
[SourceTitle "EXT 2021"]
[Source "ChessBase"]
[SourceDate "2020.10.23"]
[SourceVersion "1"]
[SourceVersionDate "2020.10.23"]
[SourceQuality "1"]
[WhiteTeam "Niederwiesa Gruen Weiss (W)"]
[BlackTeam "Leipzig SG (W)"]
[WhiteTeamCountry "GER"]
[BlackTeamCountry "GER"]

1. e4 e6 2. d4 d5 3. Nc3 Nf6 4. e5 Nfd7 5. f4 c5 6. Nf3 Nc6 7. Be3 Be7 8. Qd2 0-0 9. dxc5 Qa5 10. 0-0-0 b6 11. Bb5 Bb7 12. Kb1 Kh8 13. cxb6 axb6 14. Nd4 Rfc8 15. Nb3 Qa7 16. a3 Nc5 17. Qf2 Nxb3 18. Bxb6 Qb8 19. cxb3 d4 20. Na4 Na5 21. Qxd4 Nxb3 22. Qe3 Na5 23. Rc1 Bxg2 24. Rxc8+ Qxc8 25. Rc1 Qb7 26. Bd3 Bd8 27. Bxd8 Rxd8 28. Nc5 Qd5 29. Be4 Nc4 30. Bxd5 Nxe3 31. Bxg2 Nxg2 32. Rc4 Rd1+ 33. Kc2 Ne3+ 34. Kb3 Nxc4 35. Kxc4 Rc1+ 36. Kb5 Rc2 37. b4 Rxh2 38. a4 h5 39. a5 h4 40. a6 Ra2 41. Ne4 h3 42. Kb6 f5 43. Ng3 g5 44. a7 h2 45. Kb7 gxf4 46. Nh1 Kg7 47. a8Q Rxa8 48. Kxa8 Kg6 49. b5 Kg5 50. b6 Kg4 51. b7 Kf3 52. b8Q Kg2 53. Qb1 f3 54. Qe1 f4 55. Kb7 1-0

[Event "BL2 Ost 1920 (Women)"]
[Site "Germany"]
[Date "2019.09.14"]
[Round "1.1"]
[White "Halas, Julia"]
[Black "Berzina, Ilze"]
[Result "1/2-1/2"]
[WhiteElo "2078"]
[BlackElo "2192"]
[PlyCount "59"]
[EventDate "2019.09.14"]
[EventType "team-tourn"]
[EventRounds "7"]
[EventCountry "GER"]
[SourceTitle "EXT 2021"]
[Source "ChessBase"]
[SourceDate "2020.10.23"]
[SourceVersion "1"]
[SourceVersionDate "2020.10.23"]
[SourceQuality "1"]
[WhiteTeam "Leipzig SG (W)"]
[BlackTeam "Loeberitz (W)"]
[WhiteTeamCountry "GER"]
[BlackTeamCountry "GER"]

1. d4 d5 2. c4 c6 3. Nf3 Nf6 4. Qc2 g6 5. Bf4 dxc4 6. Qxc4 Bg7 7. e3 0-0 8. Be2 Nbd7 9. Nc3 Nb6 10. Qb3 a5 11. a4 Be6 12. Qd1 Nfd5 13. Bg3 Nb4 14. 0-0 h6 15. Rc1 Nc4 16. b3 Nd6 17. h3 Qb6 18. Ne5 Qd8 19. Nc4 Nf5 20. Bh2 Rc8 21. Ne4 b6 22. g4 Nh4 23. Bg3 g5 24. Bxh4 gxh4 25. f4 f5 26. Nf2 Na2 27. Rc2 Nb4 28. Rc1 Na2 29. Rc2 Nb4 30. Rc1 1/2-1/2

[Event "Youth District Germany"]
[Site "Wuerzburg"]
[Date "2018.10.05"]
[Round "5.5"]
[White "Halas, Julia"]
[Black "Lesny, Florian"]
[Result "0-1"]
[WhiteElo "1972"]
[BlackElo "2073"]
[PlyCount "102"]
[EventDate "2018.10.02"]
[EventType "team-swiss"]
[EventRounds "7"]
[EventCountry "GER"]
[SourceTitle "CBM 186 Extra"]
[Source "ChessBase"]
[SourceDate "2018.08.24"]
[SourceVersion "1"]
[SourceVersionDate "2018.08.24"]
[SourceQuality "1"]
[WhiteTeam "Sachsen U20"]
[BlackTeam "Hessen U20"]
[WhiteTeamCountry "GER"]
[BlackTeamCountry "GER"]

1. d4 d5 2. c4 c6 3. Nf3 Nf6 4. Nc3 e6 5. Bg5 Nbd7 6. e3 Qa5 7. Nd2 Bb4 8. Qc2 dxc4 9. Bxf6 Nxf6 10. Nxc4 Qc7 11. Be2 0-0 12. 0-0 Rd8 13. Bf3 Bd7 14. a3 Bf8 15. b4 Rac8 16. Rac1 b6 17. Ne4 Nxe4 18. Qxe4 c5 19. dxc5 bxc5 20. bxc5 Qxc5 21. Qb1 Qb5 22. Nd2 Bxa3 23. Rcd1 Qxb1 24. Rxb1 Rb8 25. Nc4 Bc5 26. Rxb8 Rxb8 27. h3 f6 28. Rd1 Be8 29. Na5 Kf8 30. Nb7 Bb6 31. Rc1 Ke7 32. Kf1 Bb5+ 33. Ke1 Ba6 34. Nc5 Bc8 35. Na4 Ba5+ 36. Kd1 Bd7 37. Nc5 Bb5 38. Nb7 Bb6 39. Ra1 Rc8 40. Na5 f5 41. Ra3 e5 42. e4 g6 43. Ra2 Rd8+ 44. Kc1 Ke6 45. g4 Rc8+ 46. Kd1 Rc3 47. exf5+ gxf5 48. gxf5+ Kxf5 49. Bg4+ Kf4 50. Nb7 Bc6 51. Na5 Bd5 0-1

[Event "GER-ch U18 Girls"]
[Site "Willingen"]
[Date "2018.05.22"]
[Round "4"]
[White "Reinecke, Katharina"]
[Black "Halas, Julia"]
[Result "0-1"]
[WhiteElo "1900"]
[BlackElo "1969"]
[PlyCount "92"]
[EventDate "2018.05.19"]
[EventType "swiss"]
[EventRounds "9"]
[EventCountry "GER"]
[SourceTitle "CBM 184 Extra"]
[Source "ChessBase"]
[SourceDate "2018.06.28"]
[SourceVersion "1"]
[SourceVersionDate "2018.06.28"]
[SourceQuality "1"]

1. d4 Nf6 2. c4 g6 3. Nc3 Bg7 4. e4 d6 5. Be2 0-0 6. Be3 e5 7. d5 Nfd7 8. g4 f5 9. gxf5 gxf5 10. exf5 Nf6 11. Qc2 e4 12. Nh3 Bxf5 13. Nf4 Qe7 14. Rg1 Nbd7 15. 0-0-0 a6 16. h4 Kh8 17. Rg3 Ne5 18. Rdg1 Rg8 19. Rg5 Bh6 20. Rxg8+ Rxg8 21. Rxg8+ Nxg8 22. Ne6 Qxh4 23. Nxc7 Qxf2 24. Bxh6 Nxh6 25. Ne8 Qf4+ 26. Qd2 e3 27. Qe1 Nxc4 28. b3 Nb6 29. Nc7 Qe5 30. Kb2 Qe7 31. Qh1 Nf7 32. Qf3 Qe5 33. Qh5 Bg6 34. Qf3 Nd7 35. Ne6 Nf6 36. Qh1 Ne4 37. Qc1 Nxc3 38. Qxc3 Be4 39. Qxe5+ Nxe5 40. Nf4 Ng6 41. Nh5 Ne7 42. Nf6 Bxd5 43. Nxd5 Nxd5 44. Bf3 Nf4 45. Kc2 e2 46. Kd2 b6 0-1

[Event "GER-ch U18 Girls"]
[Site "Willingen"]
[Date "2018.05.20"]
[Round "1"]
[White "Halas, Julia"]
[Black "Zell, Mirjam"]
[Result "1-0"]
[WhiteElo "1969"]
[BlackElo "1801"]
[PlyCount "101"]
[EventDate "2018.05.19"]
[EventType "swiss"]
[EventRounds "9"]
[EventCountry "GER"]
[SourceTitle "CBM 184 Extra"]
[Source "ChessBase"]
[SourceDate "2018.06.28"]
[SourceVersion "1"]
[SourceVersionDate "2018.06.28"]
[SourceQuality "1"]

1. d4 d5 2. c4 e6 3. Nc3 Nf6 4. cxd5 exd5 5. Bg5 Be7 6. e3 Nbd7 7. Bd3 c6 8. Qc2 0-0 9. Nf3 Re8 10. h3 Nf8 11. Bf4 a5 12. g4 g6 13. 0-0-0 b5 14. Ne5 Bb7 15. Kb1 a4 16. g5 N6d7 17. h4 Nxe5 18. Bxe5 Nd7 19. f4 Nxe5 20. fxe5 Kg7 21. Rdf1 Rf8 22. Qh2 Rh8 23. e6 Qd6 24. Rxf7+ Kg8 25. Qxd6 Bxd6 26. Rxb7 Re8 27. h5 Rxe6 28. Rd7 Be7 29. hxg6 hxg6 30. Rxh8+ Kxh8 31. Bxg6 Rxe3 32. Ne4 dxe4 33. Rxe7 Re1+ 34. Kc2 Re2+ 35. Kc1 e3 36. Bd3 Re1+ 37. Kc2 b4 38. g6 Rg1 39. Rh7+ Kg8 40. Bc4+ Kf8 41. g7+ Rxg7 42. Rxg7 Kxg7 43. Be6 Kf6 44. Bd7 c5 45. dxc5 Ke5 46. Kd3 a3 47. b3 e2 48. Kxe2 Kd4 49. c6 Kc3 50. c7 Kb2 51. c8Q 1-0

[Event "Leipzig VfB op 25th"]
[Site "Leipzig"]
[Date "2018.03.20"]
[Round "1"]
[White "Bosch, Jonael"]
[Black "Halas, Julia"]
[Result "1-0"]
[WhiteElo "1540"]
[BlackElo "1982"]
[PlyCount "75"]
[EventDate "2018.03.20"]
[EventType "swiss"]
[EventRounds "9"]
[EventCountry "GER"]
[SourceTitle "CBM 183 Extra"]
[Source "ChessBase"]
[SourceDate "2018.04.19"]
[SourceVersion "1"]
[SourceVersionDate "2018.04.19"]
[SourceQuality "1"]

1. e4 e6 2. d4 d5 3. exd5 exd5 4. Bd3 c5 5. dxc5 Bxc5 6. Nf3 Nf6 7. 0-0 0-0 8. h3 Be6 9. Nbd2 Nc6 10. Nb3 Be7 11. Re1 Re8 12. Be3 Nd7 13. c3 Bf6 14. Qc2 h6 15. Rad1 Rc8 16. Qb1 Qc7 17. Re2 Nde5 18. Nxe5 Nxe5 19. Bf5 Nc4 20. Bd3 Ne5 21. Nd4 Nxd3 22. Qxd3 a6 23. Rde1 Qd7 24. Bf4 b5 25. Nxe6 fxe6 26. Qg6 Qf7 27. Qg4 Rc4 28. b3 h5 29. Qg3 Rxc3 30. Qh2 Bd4 31. Be5 Bxe5 32. Qxe5 Rc6 33. Re3 g6 34. Rf3 Qg7 35. Rf6 Kh7 36. Qg5 Rd6 37. Re3 Qh6 38. Rf7+ 1-0

[Event "BL2 Ost 1718 (Women)"]
[Site "Germany"]
[Date "2018.02.18"]
[Round "7.2"]
[White "Halas, Julia"]
[Black "Brand, Kathrin"]
[Result "1-0"]
[WhiteElo "1899"]
[BlackElo "1896"]
[PlyCount "69"]
[EventDate "2017.10.14"]
[EventType "team-tourn"]
[EventRounds "7"]
[EventCountry "GER"]
[SourceTitle "EXT 2019"]
[Source "ChessBase"]
[SourceDate "2018.10.10"]
[SourceVersion "1"]
[SourceVersionDate "2018.10.10"]
[SourceQuality "1"]
[WhiteTeam "Leipzig SG (W)"]
[BlackTeam "Chemnitz Aufbau (W)"]
[WhiteTeamCountry "GER"]
[BlackTeamCountry "GER"]

1. d4 d5 2. c4 e6 3. Nc3 Nf6 4. Bg5 Be7 5. e3 0-0 6. Qc2 Nbd7 7. cxd5 exd5 8. Bd3 c6 9. Nge2 h6 10. Bh4 Ne8 11. Bg3 Bd6 12. 0-0 Bxg3 13. Nxg3 Nef6 14. f3 c5 15. Nce2 cxd4 16. Nxd4 Ne5 17. Bf5 Bxf5 18. Ngxf5 Rc8 19. Qxc8 Qxc8 20. Ne7+ Kh7 21. Nxc8 Rxc8 22. Rac1 Rb8 23. b3 a6 24. Rc7 Kg6 25. Rfc1 Nd3 26. R1c3 Ne8 27. Rc8 Rxc8 28. Rxc8 Nf6 29. Rc7 b6 30. a3 b5 31. Rc6 b4 32. a4 a5 33. Ra6 Nb2 34. Rxa5 Nd1 35. Nc2 1-0

[Event "GER-ch U18 Girls"]
[Site "Willingen"]
[Date "2017.06.04"]
[Round "2"]
[White "Silber, Stefanie"]
[Black "Halas, Julia"]
[Result "0-1"]
[WhiteElo "1669"]
[BlackElo "1811"]
[PlyCount "90"]
[EventDate "2017.06.04"]
[EventType "swiss"]
[EventRounds "9"]
[EventCountry "GER"]
[SourceTitle "CBM 178 Extra"]
[Source "ChessBase"]
[SourceDate "2017.06.22"]
[SourceVersion "1"]
[SourceVersionDate "2017.06.22"]
[SourceQuality "1"]

1. e4 e6 2. d4 d5 3. exd5 exd5 4. Bd3 c5 5. c3 c4 6. Bc2 Bd6 7. Nf3 Ne7 8. Bg5 0-0 9. 0-0 Nbc6 10. Re1 h6 11. Bh4 Qc7 12. Bg3 Bxg3 13. hxg3 Bg4 14. b4 cxb3 15. axb3 Rfe8 16. Bd3 a6 17. Nbd2 Bf5 18. Bxf5 Nxf5 19. Qc2 Ncxd4 20. Nxd4 Nxd4 21. Qd3 Ne6 22. Nf3 Rad8 23. Rad1 b5 24. Re3 Rf8 25. Qe2 Nc5 26. Nd4 Ne4 27. Rc1 Qb6 28. Qg4 Nf6 29. Qh4 Rfe8 30. Rce1 Re4 31. Qh3 Rde8 32. g4 Rxe3 33. Rxe3 Rxe3 34. Qxe3 Qd6 35. Nf5 Qe6 36. Qg3 Qe1+ 37. Kh2 Ne4 38. Qb8+ Kh7 39. Qf8 Qxc3 40. Qxf7 Qe5+ 41. Kg1 Qa1+ 42. Kh2 Nxf2 43. Ne7 Qh1+ 44. Kg3 Ne4+ 45. Kf3 Qf1+ 0-1